Online
Catalog

Report aus Cuba / (Record no. 18839)

MARC details
000 -CABECERA
campo de control de longitud fija 00585nam a2200193 a 4500
001 - NÚMERO DE CONTROL
campo de control 000019322
005 - FECHA Y HORA DE LA ÚLTIMA TRANSACCIÓN
campo de control 20200929170000.0
008 - DATOS DE LONGITUD FIJA--INFORMACIÓN GENERAL
campo de control de longitud fija 100624s1970 gw 000 0 ger d
040 ## - FUENTE DE LA CATALOGACIÓN
Centro catalogador/agencia de origen DO-SdBNP
Lengua de catalogación spa
Centro/agencia transcriptor BNPHU
082 ## - NÚMERO DE LA CLASIFICACIÓN DECIMAL DEWEY
Número de clasificación 972.91
Número de documento/Ítem W641r
049 ## - FONDOS LOCALES (OCLC)
Fondos de biblioteca BNGR
100 1# - ENTRADA PRINCIPAL--NOMBRE DE PERSONA
Nombre de persona Widmann, Carlos,
Fechas asociadas al nombre 1938-
9 (RLIN) 41550
245 10 - MENCIÓN DE TÍTULO
Título Report aus Cuba /
Mención de responsabilidad, etc. Carlos Widmann.
260 ## - PUBLICACIÓN, DISTRIBUCIÓN, ETC.
Lugar de publicación, distribución, etc. Germany :
Nombre del editor, distribuidor, etc. Paul List Verlag,
Fecha de publicación, distribución, etc. 1970.
300 ## - DESCRIPCIÓN FÍSICA
Extensión 150, [2] p. ;
Dimensiones 21 cm.
650 #4 - PUNTO DE ACCESO ADICIONAL DE MATERIA--TÉRMINO DE MATERIA
Término de materia o nombre geográfico como elemento de entrada Cuba
Subdivisión general Historia
-- Revolución, 1959
9 (RLIN) 41551
650 #4 - PUNTO DE ACCESO ADICIONAL DE MATERIA--TÉRMINO DE MATERIA
Término de materia o nombre geográfico como elemento de entrada Reportajes
Subdivisión general Historia
-- Siglo xx
9 (RLIN) 41552
910 ## - DATOS DE OPCIÓN DEL USUARIO (OCLC)
Datos de opción del usuario Catalogación original
Holdings
Estado de retiro Estado de pérdida Restricciones de uso No para préstamo Código de colección Localización permanente Ubicación/localización actual Ubicación en estantería Fecha de adquisición Número de inventario Total de préstamos Signatura topográfica completa Código de barras Fecha visto por última vez Precio válido a partir de Tipo de ítem Koha
    Préstamo interno   Monografías: Libros y Folletos General General En catalogación 24.06.2010 LF1   972.91 W641r 19322-10 25.06.2020 25.06.2020 Préstamo interno

Powered by Koha